LIBRARY & INFORMATION CENTRE, KCAET, TAVANUR

ONLINE PUBLIC ACCESS CATALOGUE (OPAC)

Mullard reference manual of transistor circuits / (Record no. 3399)

MARC details
000 -LEADER
fixed length control field 00356cam a2200133ua 4500
003 - CONTROL NUMBER IDENTIFIER
control field OSt
008 - FIXED-LENGTH DATA ELEMENTS--GENERAL INFORMATION
fixed length control field 250108b |||||||| |||| 00| 0 eng d
082 ## - DEWEY DECIMAL CLASSIFICATION NUMBER
Classification number 621.384131
Item number MUL/MU
100 ## - MAIN ENTRY--AUTHOR NAME
Personal name Mullard, .
245 ## - TITLE STATEMENT
Title Mullard reference manual of transistor circuits /
260 ## - PUBLICATION, DISTRIBUTION, ETC. (IMPRINT)
Place of publication London :
Name of publisher Torringten Place ,
Year of publication 1994.
300 ## - PHYSICAL DESCRIPTION
Number of Pages 307 ; .
942 ## - ADDED ENTRY ELEMENTS (KOHA)
Koha item type Books
Holdings
Withdrawn status Lost status Damaged status Home library Current library Date acquired Full call number Accession Number Koha item type
      KAUAET KAUAET 07/04/2012 621.384131 MUL/MU 11281 Books
free website counter